000 00459cam a2200193ua 4500
020 _c8.60
041 _aeng
_h
082 _a828.09
_bLEA/CU
100 _aLeavis, F R.
245 _aCulture and environment /
_cF R Leavis.
_hTextual Documents
250 _a1 /
_b.
260 _aLondon :
_bChatto and Windus ,
_c1964.
300 _a150 ; .
365 _a8.60
504 _a
700 1 _aThompson, Denys .
942 _cBK
999 _c5313
_d5313